<?xml version="1.0" encoding="UTF-8"?>
<collection xmlns="http://www.loc.gov/MARC21/slim">
<record>
  <controlfield tag="001">94505</controlfield>
  <controlfield tag="005">20210520140813.0</controlfield>
  <datafield tag="037" ind1=" " ind2=" ">
    <subfield code="a">TESIS-2020-148</subfield>
  </datafield>
  <datafield tag="041" ind1=" " ind2=" ">
    <subfield code="a">spa</subfield>
  </datafield>
  <datafield tag="080" ind1=" " ind2=" ">
    <subfield code="a">53</subfield>
  </datafield>
  <datafield tag="100" ind1="1" ind2=" ">
    <subfield code="a">Sanz Felipe, Ángel</subfield>
  </datafield>
  <datafield tag="245" ind1="0" ind2="0">
    <subfield code="a">ESTUDIO DE PROPIEDADES MAGNETO-ÓPTICAS DE FERROFLUIDOS</subfield>
  </datafield>
  <datafield tag="260" ind1=" " ind2=" ">
    <subfield code="a">Zaragoza</subfield>
    <subfield code="b">Universidad de Zaragoza, Prensas de la Universidad</subfield>
    <subfield code="c">2020</subfield>
  </datafield>
  <datafield tag="300" ind1=" " ind2=" ">
    <subfield code="a">219</subfield>
  </datafield>
  <datafield tag="490" ind1="0" ind2=" ">
    <subfield code="a">Tesis de la Universidad de Zaragoza</subfield>
    <subfield code="x">2254-7606</subfield>
    <subfield code="v">2020-148</subfield>
  </datafield>
  <datafield tag="500" ind1=" " ind2=" ">
    <subfield code="a">Presentado:  14 07 2020</subfield>
  </datafield>
  <datafield tag="502" ind1=" " ind2=" ">
    <subfield code="a">Tesis-Univ. Zaragoza, Física Aplicada, 2020</subfield>
    <subfield code="b">Zaragoza, Universidad de Zaragoza</subfield>
    <subfield code="c">2020</subfield>
  </datafield>
  <datafield tag="520" ind1=" " ind2=" ">
    <subfield code="a">Los ferrofluidos, o fluidos magnéticos, son suspensiones coloidales de nanopartículas magnéticas inmersas en un fluido portador no magnético. La aplicación de un campo magnético externo sobre estos materiales puede provocar un cambio significativo en sus propiedades físicas, lo que los convierte en sustancias muy interesantes para diversas aplicaciones reológicas, tribológicas o biomédicas. En lo que respecta a este trabajo, la capacidad que estudiaremos en ellos es el control de algunas propiedades ópticas utilizando campos magnéticos de baja intensidad (apenas decenas de gauss).&lt;br />Las nanopartículas de estos sistemas, con un tamaño típico entre 10 y 150 nm, están recubiertas con agentes estabilizadores para evitar que se agreguen entre sí en ausencia de campo magnético y que el ferrofluido pierda por ello sus propiedades de interés. Cuando son expuestas a un campo magnético homogéneo, las partículas se orientan y se desplazan para formar cadenas en la dirección de las líneas de campo. La aparición de estas estructuras modifica la transmisión de luz a través del fluido, lo que permite la manipulación y control de luz bajo aplicación de tales campos magnéticos, o bien la capacidad de detectar campos magnéticos mediante mediciones ópticas. El pequeño tamaño de las partículas, su alta respuesta magnética y el bajo coste energético que requieren, convierten a los ferrofluidos en un material muy prometedor de cara a su incorporación a dispositivos fotónicos como moduladores, controladores ópticos o sensores de campo magnético.&lt;br />La complejidad de estos sistemas debida al alto número de parámetros que determinan su respuesta magnética y la consecuente respuesta óptica ofrece un verdadero reto para conseguir un estudio y descripción analítica completa que permita la predicción, control y optimización de su respuesta de cara a tales aplicaciones potenciales. Este trabajo está enfocado al estudio de la respuesta magneto-óptica de ferrofluidos y de su dependencia con los parámetros más relevantes, tanto de las características intrínsecas del coloide como de las condiciones externas que determinan esta respuesta. Para ello presentaremos un conjunto de medidas de transmisión óptica de diferentes ferrofluidos con características dispares para extraer la mayor información posible de todas las dependencias involucradas, y cuyos resultados serán analizados en base a modelos analíticos y numéricos. Con estos resultados, pretendemos entender las diferentes respuestas magneto-ópticas que se pueden obtener en función de las distintas características de cada ferrofluido y de sus condiciones de medida, de cara a tener una descripción lo más completa posible de las tendencias que se observan en todas ellas, y de lo cabe esperar con cualquier otro ferrofluido a partir de los parámetros que lo describen.&lt;br /></subfield>
  </datafield>
  <datafield tag="506" ind1=" " ind2=" ">
    <subfield code="a">by-nc-nd</subfield>
    <subfield code="b">Creative Commons</subfield>
    <subfield code="c">3.0</subfield>
    <subfield code="u">http://creativecommons.org/licenses/by-nc-nd/3.0/es</subfield>
  </datafield>
  <datafield tag="520" ind1=" " ind2=" ">
    <subfield code="a">&lt;br /></subfield>
  </datafield>
  <datafield tag="521" ind1=" " ind2=" ">
    <subfield code="9">7076</subfield>
    <subfield code="a">Programa de Doctorado en Física</subfield>
  </datafield>
  <datafield tag="653" ind1="1" ind2=" ">
    <subfield code="a">fisica</subfield>
  </datafield>
  <datafield tag="653" ind1="1" ind2=" ">
    <subfield code="a">fisica de coloides</subfield>
  </datafield>
  <datafield tag="653" ind1="1" ind2=" ">
    <subfield code="a">dinamica de fluidos magneticos</subfield>
  </datafield>
  <datafield tag="653" ind1="1" ind2=" ">
    <subfield code="a">propiedades opticas de materiales</subfield>
  </datafield>
  <datafield tag="700" ind1=" " ind2=" ">
    <subfield code="a">Martín Alonso, Juan Carlos </subfield>
    <subfield code="e">dir.</subfield>
  </datafield>
  <datafield tag="710" ind1="2" ind2=" ">
    <subfield code="a">Universidad de Zaragoza</subfield>
    <subfield code="b">Física Aplicada</subfield>
  </datafield>
  <datafield tag="830" ind1=" " ind2=" ">
    <subfield code="9">488</subfield>
  </datafield>
  <datafield tag="856" ind1="0" ind2=" ">
    <subfield code="f">tdr@unizar.es</subfield>
  </datafield>
  <datafield tag="856" ind1="4" ind2=" ">
    <subfield code="u">http://zaguan.unizar.es/record/94505/files/TESIS-2020-148.pdf</subfield>
    <subfield code="z">Texto completo (spa)</subfield>
    <subfield code="s">9344650</subfield>
  </datafield>
  <datafield tag="909" ind1="C" ind2="O">
    <subfield code="o">oai:zaguan.unizar.es:94505</subfield>
    <subfield code="p">driver</subfield>
    <subfield code="p">tesis</subfield>
  </datafield>
  <datafield tag="910" ind1="2" ind2=" ">
    <subfield code="a"></subfield>
    <subfield code="b">Física Aplicada</subfield>
  </datafield>
  <datafield tag="980" ind1=" " ind2=" ">
    <subfield code="a">TESIS</subfield>
  </datafield>
</record>
</collection>